000 00457nmm a2200169Ia 4500
008 251105s9999||||xx |||||||||||||||||und||
020 _a9788481099034
041 _aspa
100 _aRobinson, Marilyne
245 0 _aGilead
264 _a[Madrid, España] :
_bGalaxia Gutenberg,
_c2011
300 _a276 páginas
490 _aNarrativa
650 _aNorth American narrative
856 _uhttps://public.digitaliapublishing.com/a/29462
942 _cCF
999 _c85807
_d85807